Letter pyramid - European countries - Statistics

General Stats
  • This quiz has been taken 48 times
  • The average score is 8 of 10
Answer Stats
% Correct
7 Finland
96%
5 Italy
96%
6 Norway
96%
12 OVER12LETTERS
89%
8 Portugal
89%
11 Switzerland
82%
10 Luxembourg
73%
3 XXX
62%
4 XXXX
62%
9 San Marino
60%
No matching quizzes found
Score Distribution
Percent of People with Each Score
Percentile by Number Answered
Your Score History
You have not taken this quiz